000 00968cam a22003137a 4500
003 CHAP
005 20220329140543.0
008 971013s1974 r 00010 d
010 _a53815
011 _a54787
035 _a58939
040 _cCHAP
082 _a581.13342
_bW4
100 0 0 _aWhittingham, C. P.
_9121785
245 1 4 _aThe mechanism of photosynthesis
260 _aBaltimore, Md. :
_bUniversity Park,
_c1974
300 _a125 p.
_b: ilus. ; gráfs.
490 0 _aContemporary biology
590 _aBATCH-UPD
_b10
_c20130110
_lUCH01
_h0216
590 _aBATCH-UPD
_b10
_c20130110
_lUCH01
_h1822
590 _aBATCH-UPD
_b10
_c20130410
_lUCH01
_h1155
590 _aBATCH-UPD
_b10
_c20130914
_lUCH01
_h1038
590 _aCONVERSION
_b10
_c20130109
_lUCH01
_h1329
650 1 4 _aFotosíntesis.
_942737
830 0 _aContemporary biology
_927436
901 _aBK
942 _cLIBRO
949 _a581.13342 W4
_bBC
_cLIBRO
_d-127683
_eLIBRO
_h51647
_i58939
_si
_t494.00
999 _c53815
_d53815